Sports Quiz

Random Sports or MLB Quiz

Most Games Played - Diamondbacks (2000s) Quiz Stats

 Plays Quiz not verified by Sporcle

Score 0/41 Timer 06:00
0 Plays Today
Position Player % Correct
Left FieldLuis Gonzalez
98.8%
Right FieldJustin Upton
89.8%
Third BaseMark Reynolds
89%
Center FieldSteve Finley
85.4%
ShortstopStephen Drew
85%
Center FieldChris Young
82.1%
Third BaseMatt Williams
80.5%
ShortstopTony Womack
80.1%
First BaseConor Jackson
78.5%
Left FieldConor Jackson
78.5%
CatcherMiguel Montero
76%
Second BaseCraig Counsell
74%
Third BaseCraig Counsell
74%
ShortstopCraig Counsell
74%
CatcherChris Snyder
72%
First BaseMark Grace
71.1%
Left FieldEric Byrnes
70.3%
Center FieldEric Byrnes
70.3%
Second BaseOrlando Hudson
69.5%
CatcherDamian Miller
68.7%
First BaseTony Clark
64.2%
Position Player % Correct
First BaseChad Tracy
60.2%
Third BaseChad Tracy
60.2%
Right FieldDanny Bautista
58.9%
Second BaseJay Bell
58.1%
Second BaseJunior Spivey
53.3%
Third BaseTroy Glaus
47.6%
Right FieldReggie Sanders
47.2%
Right FieldShawn Green
39.4%
CatcherRod Barajas
35.4%
ShortstopAlex Cintron
35%
Left FieldGerardo Parra
34.1%
CatcherChad Moeller
30.9%
Second BaseAugie Ojeda
26.8%
ShortstopRoyce Clayton
26.4%
First BaseShea Hillenbrand
22.4%
Right FieldCarlos Quentin
21.5%
Right FieldDavid Dellucci
19.5%
Center FieldQuinton McCracken
17.1%
Left FieldScott Hairston
14.6%
Center FieldLuis Terrero
6.1%

You're not logged in!

Compare scores with friends on all Sporcle quizzes.
OR
Log In

Show Comments

Extras

Top Quizzes Today


Score Distribution

Your Account Isn't Verified!

In order to create a playlist on Sporcle, you need to verify the email address you used during registration. Go to your Sporcle Settings to finish the process.

Report this User

Report this user for behavior that violates our Community Guidelines.

Details: